|
|
|
|
| LEADER |
00000nab a2200000 ar4500 |
| 001 |
vtls009294736 |
| 003 |
SK-MaSNL |
| 005 |
20260303052827.0 |
| 008 |
080516c2008 xo sr|p|||||||000 b|slo |
| 015 |
|
|
|a SNBRB2008/06
|2 snkbucl
|
| 038 |
|
|
|a SNKBUCL
|
| 040 |
|
|
|a SNKBUCL
|b slo
|c SNKBUCL
|e AACR2
|
| 041 |
0 |
|
|a slo
|
| 044 |
|
|
|a xo
|c SK
|
| 080 |
|
|
|a 796.71.093.1
|2 2001
|
| 245 |
0 |
0 |
|a Veľká cena Španielska
|b Ferrari opäť víťazne
|c Lukáš Pažitný
|
| 300 |
|
|
|b Fotogr.
|
| 611 |
2 |
7 |
|a Veľká cena Španielska monopostov F1
|d (2008)
|2 snkbucl
|9 1043404
|
| 650 |
0 |
7 |
|a automobilizmus
|2 snkbucl
|9 13242
|
| 650 |
0 |
7 |
|a automobily F1
|2 snkbucl
|9 872140
|
| 773 |
0 |
|
|t Stop
|g Roč. 38, č. 9 (2008), s. 48
|x 1335-0730
|
| 999 |
|
|
|c 1716773
|d 1718703
|